000 00667nam a2200289Ia 4500
005 20260324150432.0
008 008 260324s9999 xx 000 0 eng d
020 _a9781315128979
037 _aEBOOK
040 _aCRL
040 _beng
040 _cCRL
041 _2eng
041 _aeng
084 _qCRL
100 _aGeorge Fischer
_91170341
245 0 _aScience and Ideology in Soviet Society
245 0 _b1917-1967
260 _bTaylor and Francis
260 _c1967
365 _a
365 _b230
856 _uhttp://www.taylorfrancis.com/books/9781315128979
942 _cEBOOK
999 _c1835852
_d1835852